000 01448 a2200217 4500
003 NUST
005 20230712084507.0
010 _a 77005545
040 _cNust
082 0 0 _a543,MEN
100 1 _aVogel, Arthur Israel.
_9100046
245 1 0 _aVogel's textbook of quantitative chemical analysis :
_bincluding elementary instrumental analysis /
_cJ. Mendham, R.C. Denney and J.D. Barnes
250 _a6th ed. /
_brevised by John Bassett ... [et al.].
260 _aLondon ;
_aNew York :
_bLongman,
_c1978.
300 _axxxi, 925 p. ;
_bill ;
_c24 cm.
505 _aChemical Analysis (Page-29), Solution Reactions: Fundamental Theory (Page-40), Common Apparatus and Basic Techniques (Page-94), Statistics : Introduction to Chemo metrics (Page-145), Sampling (Page-198), Separation (Page-239) Thin-Layer Chromatography (Page-279), Liquid Chromatography (Page-289), Gas Chromatography (Page-317), Titrimetric Analysis (Page-340), Gravimetric analysis (Page-489), Thermal Analysis (Page-503), Direct Electro analytical Methods (Page-523), Nuclear Magnetic Spectroscopy (Page-599), Atomic Absorption Spectroscopy (Page-612), Atomic Emission Spectroscopy (Page-645) Molecular Electronic Spectroscopy (Page-658), Vibrational Spectroscopy (Page-720), Mass Spectrometry (Page-745).
650 0 _aChemistry, Analytic
_xQuantitative.
_9905
650 0 _aChemistry, Inorganic.
_91095
700 1 _aBassett, John,
_d1924-
_9100047
942 _2ddc
_cBK
_k543,MEN
999 _c183682
_d183682